| 000 | 00992cab a22001935a 4500 | ||
|---|---|---|---|
| 001 | L143252 | ||
| 008 | 080421e20080404xxk f 000 0 eng d | ||
| 035 | _a(Sirsi) u143252 | ||
| 041 | 0 | _aeng | |
| 100 | 1 | _aKlaushofer, Alex | |
| 245 | 0 | 0 | _aCommon touch |
| 260 | _c2008 | ||
| 490 |
_aInside Housing _v4 April 2008, 22-23(2) |
||
| 520 | _aDescribes the first New Forest housing developments to be sanctioned in 50 years. The Forestry Commission has sanctioned these in an attempt to preserve the practice of commoning. Describes this way of life, which pre-dates the creation of the New Forest in 1079. Discusses its importance to the Forest, which includes the right to graze semi-wild animals on the heathlands. Covers mechanics of the Commoners' Housing Scheme, which was established in 1992 and is now administered by the National Park Authority. | ||
| 590 | _aKA | ||
| 651 | 4 |
_aEngland _y886- |
|
| 690 | _aPROPERTY-RESIDENTIAL PROPERTY-RESIDENTIAL PROPERTY DEVELOPMENT | ||
| 942 | _n0 | ||
| 999 |
_c80112 _d80112 |
||